Najstarsze miasta Europy - Statystyki

Ogólne statystyki
  • Ten quiz został rozwiązany 64 razy
  • Średni wynik to 1 z 10
Statystyki odpowiedzi
Kiedy powstało Miasto % Poprawnych
5000 p.n.e Ateny
100%
3000 p.n.e Teby
15%
3500 p.n.e Patras
12%
4000 p.n.e Chania
10%
1300 p.n.e Larnaka
5%
4000 p.n.e Płowdiw
5%
5000 p.n.e Argos
2%
1300 p.n.e Chalkida
0%
2000 p.n.e Kutaisi
0%
3000 p.n.e Trikala
0%
Nie znaleziono quizów pasujących do podanych kryteriów
Rozkład punktacji
Procent ludzi z każdym wynikiem
Percentyl według liczby udzielonych odpowiedzi
Twoja historia wyników
Nie rozwiązałeś tego quizu